Oganization behaviour (Record no. 310037)
[ view plain ]
| 000 -LEADER | |
|---|---|
| fixed length control field | 00532 a2200193 4500 |
| 005 - DATE & TIME | |
| control field | 20240502095543.0 |
| 008 - FIXED-LENGTH DATA ELEMENTS--GENERAL INFORMATION | |
| fixed length control field | 240501b |||||||| |||| 00| 0 eng d |
| 020 ## - ISBN | |
| International Standard Book Number | 9789356381858 |
| Price | Rs. 1895.00 |
| 040 ## - CATALOGING SOURCE | |
| Original cataloging agency | VIVEKANANDA LIBRARY |
| 082 ## - DDC NUMBER | |
| Classification number | 658.4 |
| Book Number | G959O |
| 100 ## - MAIN ENTRY--PERSONAL NAME | |
| Personal name | Gupta, J K |
| 245 ## - TITLE STATEMENT | |
| Title | Oganization behaviour |
| 260 ## - PUBLICATION, DISTRIBUTION, ETC. (IMPRINT) | |
| Name of publisher, distributor, etc | Black and Black |
| Date of publication, distribution, etc | 2023 |
| Place of publication, distribution, etc | Jaipur |
| 300 ## - PHYSICAL DESCRIPTION | |
| Pages | 234 |
| 440 ## - Series Statement | |
| Series Title | Handbook for BBA and MBA according to new education policy 2023-24 |
| 650 ## - Subject | |
| Subject | Management |
| 650 ## - Subject | |
| Subject | Organization behaviour |
| 942 ## - ADDED ENTRY ELEMENTS (KOHA) | |
| Koha item type | Books |
| Withdrawn status | Lost status | Source of classification or shelving scheme | Damaged status | Not for loan | Location (home branch) | Sublocation or collection (holding branch) | Shelving location | Date acquired | Koha issues (times borrowed) | Koha full call number | Accession No. | Koha date last seen | Koha item type |
|---|---|---|---|---|---|---|---|---|---|---|---|---|---|
| Dewey Decimal Classification | VIVEKANANDA LIBRARY | VIVEKANANDA LIBRARY | IMSAR Library | 06/03/2024 | 658.4 G959O | 409993 | 06/03/2024 | Books |
